000 00966cam a2200217 4500
001 ABS66865
008 030722n2003 000 0 eng u
035 _a(Sirsi) u123079
100 _aHemsley, A.
245 _aThis is a hold-up
260 _c2003
490 _aBuilding
_v268(8283) 16 May 2003, 56(1)
520 _aSuggests ways of making a claim for losses caused by disruption when proving how much the disruption cost is difficult. Concludes that it can be summarised as the loss of productivity. Recommends the only reliable method of calculation is to calculate and cost each different area of productivity which has been affected by the disruption.
590 _aABS
650 _aDISRUPTION
650 _aLOSSES
650 _aBUILT ENVIRONMENT-BUILDING CONTRACT FORMS-STANDARD FORMS OF BUILDING CONTRACT-JOINT CONTRACTS TRIBNUAL CONTRACTS
650 _aPRODUCTIVITY LOSSES
690 _aBUILT ENVIRONMENT-BUILDING CONTRACT FORMS
942 _n0
999 _c73086
_d73086